Are you a GEOGRAPHY PRO? - Statistics

General Stats
  • This quiz has been taken 73 times
  • The average score is 7 of 10
Answer Stats
Question Answer % Correct
What is the name of the river that flows through London? River Thames
100%
Which of these countries has the most bordering countries? Russia
100%
What is the capital city of Nepal? Kathmandu
80%
What is the largest country by population in Africa? Nigeria
80%
Which country and its capital is matched together correctly? Cuba - Havana
60%
Which of the following statements is FALSE? Kazakhstan borders Tajikistan
60%
Which city has the highest population? Tokyo
60%
What river is the longest? Yangtze River
60%
Which of these countries has the highest GDP (PPP) per Capita Ireland
40%
What mountain is the highest from BASE TO PEAK? Mauna Kea
40%
No matching quizzes found
Score Distribution
Percent of People with Each Score
Percentile by Number Answered
Your Score History
You have not taken this quiz